[Event "Santa Eugenia op 12th"]
[Site "Santa Eugenia"]
[Date "2017.08.03"]
[Round "7"]
[White "Diaz Comas, Jordi"]
[Black "Ilenko, Aleksei"]
[Result "0-1"]
[WhiteElo "1884"]
[BlackElo "2137"]
[PlyCount "56"]
[EventDate "2017.07.31"]
[EventType "swiss"]
[EventRounds "9"]
[EventCountry "ESP"]
[SourceTitle "CBM 179 Extra"]
[Source "ChessBase"]
[SourceDate "2017.08.23"]
[SourceVersion "1"]
[SourceVersionDate "2017.08.23"]
[SourceQuality "1"]

1. e4 c5 2. Nf3 Nc6 3. c3 Nf6 4. e5 Nd5 5. d4 cxd4 6. cxd4 d6 7. Bc4 Nb6 8. Bb3 d5 9. h3 h6 10. Nc3 Bf5 11. Be3 e6 12. 0-0 Be7 13. Rc1 0-0 14. Nd2 Rc8 15. Bc2 Bxc2 16. Qxc2 Na5 17. Qd3 Nbc4 18. Nxc4 Nxc4 19. Rc2 Qa5 20. Bd2 Rc6 21. Rfc1 Rfc8 22. Be1 a6 23. b3 Na3 24. Nb1 Rxc2 25. Bxa5 Rxc1+ 26. Kh2 Nxb1 27. g3 R8c2 28. Kg2 Rxa2 0-1

[Event "Can Ninetes op 11th"]
[Site "Can Ninetes"]
[Date "2016.08.01"]
[Round "1"]
[White "Gala Martinez, Raul"]
[Black "Ilenko, Aleksei"]
[Result "0-1"]
[WhiteElo "1513"]
[BlackElo "2095"]
[PlyCount "48"]
[EventDate "2016.08.01"]
[EventType "swiss"]
[EventRounds "9"]
[EventCountry "ESP"]
[SourceTitle "CBM 173 Extra"]
[Source "ChessBase"]
[SourceDate "2016.08.29"]
[SourceVersion "1"]
[SourceVersionDate "2016.08.29"]
[SourceQuality "1"]

1. e4 c5 2. Bc4 Nc6 3. Nf3 e6 4. Nc3 Nge7 5. 0-0 g6 6. d3 Bg7 7. Re1 0-0 8. Bf4 d6 9. Qd2 Re8 10. Bh6 Bh8 11. Ng5 Ne5 12. Qf4 N7c6 13. a3 a6 14. Re3 Qf6 15. Qxf6 Bxf6 16. h3 Nd4 17. Rc1 Bd7 18. f4 Nec6 19. Nf3 b5 20. e5 dxe5 21. fxe5 bxc4 22. exf6 Nf5 23. Re4 Nxh6 24. Rxc4 Nf5 0-1

[Event "Kemerovo Chess School-ch"]
[Site "Kemerovo"]
[Date "2013.03.06"]
[Round "4"]
[White "Ilenko, Aleksei"]
[Black "Romanova, Anastasia"]
[Result "1/2-1/2"]
[WhiteElo "2083"]
[BlackElo "1987"]
[PlyCount "96"]
[EventDate "2013.02.24"]
[EventType "swiss"]
[EventRounds "9"]
[EventCountry "RUS"]
[SourceTitle "EXT 2014"]
[Source "ChessBase"]
[SourceDate "2013.11.20"]
[SourceVersion "1"]
[SourceVersionDate "2013.11.20"]
[SourceQuality "1"]

1. c4 e5 2. Nc3 d6 3. g3 f5 4. Bg2 Nf6 5. e3 Be7 6. Nge2 0-0 7. d4 c6 8. 0-0 a5 9. b3 Qe8 10. c5 e4 11. cxd6 Bxd6 12. Bb2 Nd5 13. Nxd5 cxd5 14. Nc3 Be6 15. Qe2 Na6 16. Nb5 Bb8 17. Ba3 Nb4 18. Rfc1 Bd7 19. Bf1 Rf6 20. Bxb4 axb4 21. Rc5 Bc6 22. Rcc1 g5 23. a3 Ra5 24. a4 h5 25. Qd2 Qf8 26. Qe2 Rh6 27. f4 exf3 28. Qxf3 g4 29. Qf2 h4 30. Bg2 Rh7 31. gxh4 Qf6 32. e4 dxe4 33. Bxe4 Bxe4 34. Rc8+ Kg7 35. Rxb8 Rxh4 36. Rc1 Bc6 37. Qf4 g3 38. Qc7+ Kh6 39. Rxc6 gxh2+ 40. Qxh2 bxc6 41. Rh8+ Qxh8 42. Qxh4+ Kg7 43. Qg5+ Kh7 44. Qxf5+ Kh6 45. Qf4+ Kg6 46. Qg4+ Kh6 47. Qf4+ Kg6 48. Qg4+ Kh6 1/2-1/2

[Event "Kemerovo Kuzbass-ch"]
[Site "Kemerovo"]
[Date "2012.11.26"]
[Round "4"]
[White "Vlassov, Nikolai"]
[Black "Ilenko, Aleksei"]
[Result "1-0"]
[WhiteElo "2427"]
[BlackElo "2060"]
[PlyCount "80"]
[EventDate "2012.11.23"]
[EventType "swiss"]
[EventRounds "9"]
[EventCountry "RUS"]
[SourceTitle "CBM 151 Extra"]
[Source "ChessBase"]
[SourceDate "2012.12.18"]
[SourceVersion "1"]
[SourceVersionDate "2012.12.18"]
[SourceQuality "1"]

1. e4 c5 2. c3 Nf6 3. e5 Nd5 4. d4 cxd4 5. cxd4 d6 6. Bc4 Nb6 7. Bb3 dxe5 8. Qh5 e6 9. dxe5 Nc6 10. Nc3 Qd3 11. Nf3 Bb4 12. Bd2 Na5 13. 0-0-0 Nxb3+ 14. axb3 Qg6 15. Qh3 0-0 16. Rhe1 h6 17. Nh4 Qh7 18. f4 a5 19. g4 a4 20. Ne4 Be7 21. Ng2 Bd7 22. b4 a3 23. b3 Rfe8 24. Kb1 Bc6 25. f5 Nd5 26. b5 Bxb5 27. Nf4 a2+ 28. Ka1 Nb4 29. Bxb4 Bxb4 30. Re3 Bc6 31. Nd6 Red8 32. Qh5 Rd7 33. Red3 Rad8 34. Nxf7 Rxd3 35. Rxd3 Rxd3 36. Nxd3 Bc3+ 37. Kxa2 exf5 38. gxf5 g6 39. fxg6 Qg7 40. Nxh6+ Kf8 1-0

[Event "Kemerovo Kuzbass Cup"]
[Site "Kemerovo"]
[Date "2012.09.02"]
[Round "5"]
[White "Ilenko, Aleksei"]
[Black "Nigametzianov, Mikhail"]
[Result "0-1"]
[WhiteElo "2043"]
[BlackElo "2416"]
[PlyCount "145"]
[EventDate "2012.08.29"]
[EventType "swiss"]
[EventRounds "7"]
[EventCountry "RUS"]
[SourceTitle "CBM 150 Extra"]
[Source "ChessBase"]
[SourceDate "2012.10.19"]
[SourceVersion "1"]
[SourceVersionDate "2012.10.19"]
[SourceQuality "1"]

1. d4 Nf6 2. Nf3 e6 3. g3 b6 4. Bg2 Bb7 5. 0-0 c5 6. c4 Be7 7. b3 cxd4 8. Bb2 0-0 9. Nxd4 Bxg2 10. Kxg2 d5 11. Nd2 dxc4 12. Nxc4 Qd5+ 13. Nf3 Qb7 14. e3 Nc6 15. Kg1 Rfd8 16. Qe2 Qa6 17. Nd4 Nxd4 18. Bxd4 b5 19. Ne5 Ba3 20. Qf3 Rac8 21. Rfd1 Rd5 22. Nd3 Ne8 23. Nf4 Rd7 24. Be5 Re7 25. Rab1 Qb7 26. Qxb7 Rxb7 27. b4 f6 28. Bb2 Bxb2 29. Rxb2 Kf7 30. Nd3 Rb6 31. Nc5 Rd6 32. Rbd2 Ke7 33. Rxd6 Nxd6 34. Kg2 a5 35. a3 a4 36. Kf3 Rd8 37. Ke2 e5 38. Rc1 f5 39. h4 g6 40. Rc2 h6 41. Rc1 e4 42. Rc2 Kf6 43. Rd2 Ke5 44. Rd1 Rc8 45. Nd7+ Ke6 46. Nc5+ Ke7 47. Rc1 Nc4 48. Rc3 Kd6 49. Nb7+ Kd5 50. Na5 Nd6 51. Rxc8 Nxc8 52. Kd2 Nd6 53. Kc3 Nf7 54. Nb7 Ne5 55. Nd8 Ng4 56. Nf7 h5 57. Kd2 Nxf2 58. Nh8 Nd3 59. Nxg6 Nb2 60. Nf4+ Ke5 61. Nxh5 Nc4+ 62. Kc3 Nxe3 63. Nf4 Nc4 64. h5 Nxa3 65. Ne2 Nc4 66. h6 Kf6 67. Kd4 Kg6 68. g4 fxg4 69. Kxe4 Kxh6 70. Nc3 a3 71. Kf4 Kh5 72. Kg3 Kg5 73. Na2 0-1

[Event "Kemerovo Kuzbass Cup"]
[Site "Kemerovo"]
[Date "2012.08.29"]
[Round "1"]
[White "Ilenko, Aleksei"]
[Black "Ponomarev, Dmitry"]
[Result "0-1"]
[WhiteElo "2014"]
[BlackElo "2391"]
[PlyCount "128"]
[EventDate "2012.08.29"]
[EventType "swiss"]
[EventRounds "7"]
[EventCountry "RUS"]
[SourceTitle "CBM 150 Extra"]
[Source "ChessBase"]
[SourceDate "2012.10.19"]
[SourceVersion "1"]
[SourceVersionDate "2012.10.19"]
[SourceQuality "1"]

1. d4 d5 2. Nf3 Nf6 3. c4 c6 4. Nc3 a6 5. c5 Nbd7 6. Bf4 Nh5 7. Bg5 h6 8. Bh4 g5 9. Bg3 Bg7 10. e3 Nxg3 11. hxg3 e5 12. Be2 b6 13. Qa4 b5 14. Qc2 0-0 15. dxe5 Nxe5 16. Nxe5 Bxe5 17. Rxh6 Re8 18. 0-0-0 Re6 19. Rdh1 Bg7 20. R6h5 Qf6 21. Bd3 Re5 22. f4 Rxe3 23. fxg5 Qd4 24. Bf5 Bxf5 25. Qxf5 Rae8 26. Rd1 Qe5 27. Qh7+ Kf8 28. Qc2 d4 29. Nb1 d3 30. Qc3 d2+ 31. Qxd2 Qxc5+ 32. Qc2 Qe5 33. Nc3 Qxg3 34. Rh3 Qxg5 35. Rxe3 Rxe3 36. Kb1 Qg6 37. Qxg6 fxg6 38. Rd6 Bxc3 39. bxc3 Rxc3 40. Rxg6 Kf7 41. Rh6 Ke7 42. Kb2 Rc4 43. Rg6 Kd7 44. g3 Kc7 45. g4 Kb6 46. Rg8 a5 47. g5 Rg4 48. g6 Kc5 49. g7 a4 50. Kc2 Rg3 51. Kb2 Rg2+ 52. Kc3 b4+ 53. Kd3 a3 54. Ke3 Kc4 55. Rc8 Rxg7 56. Rxc6+ Kb5 57. Rc2 Rg3+ 58. Kd2 Rg2+ 59. Kd3 Rg3+ 60. Kd2 Rh3 61. Ke2 b3 62. axb3 Kb4 63. Rc8 Rh1 64. Ra8 a2 0-1

[Event "Novokuznetsk op"]
[Site "Novokuznetsk"]
[Date "2012.08.02"]
[Round "1"]
[White "Zaitsev, Vadim"]
[Black "Ilenko, Aleksei"]
[Result "1/2-1/2"]
[WhiteElo "2352"]
[BlackElo "2014"]
[PlyCount "27"]
[EventDate "2012.08.02"]
[EventType "swiss"]
[EventRounds "9"]
[EventCountry "RUS"]
[SourceTitle "EXT 2013"]
[Source "ChessBase"]
[SourceDate "2012.11.22"]
[SourceVersion "1"]
[SourceVersionDate "2012.11.22"]
[SourceQuality "1"]

1. e4 c5 2. Nf3 Nc6 3. Nc3 g6 4. d4 cxd4 5. Nxd4 Bg7 6. Nb3 Nf6 7. Be2 0-0 8. 0-0 d6 9. Bg5 Be6 10. Kh1 a5 11. a4 Rc8 12. f4 Nb4 13. Nd4 Bc4 14. Re1 1/2-1/2

[Event "Sibiria Region-ch"]
[Site "Prokopevsk"]
[Date "2012.03.17"]
[Round "6"]
[White "Puraev, Artemiy"]
[Black "Ilenko, Aleksei"]
[Result "1/2-1/2"]
[WhiteElo "2233"]
[BlackElo "2004"]
[PlyCount "83"]
[EventDate "2012.03.12"]
[EventType "swiss"]
[EventRounds "9"]
[EventCountry "RUS"]
[SourceTitle "EXT 2013"]
[Source "ChessBase"]
[SourceDate "2012.11.22"]
[SourceVersion "1"]
[SourceVersionDate "2012.11.22"]
[SourceQuality "1"]

1. d4 d5 2. c4 c6 3. cxd5 cxd5 4. Nc3 Nf6 5. Bf4 Nc6 6. Nf3 a6 7. Rc1 Bf5 8. e3 Qb6 9. Bd3 Bg4 10. 0-0 e6 11. Na4 Qa7 12. h3 Bxf3 13. Qxf3 Be7 14. a3 0-0 15. b4 Rac8 16. Nc5 Nb8 17. Qe2 a5 18. Rb1 b6 19. Na6 Nc6 20. b5 Nd8 21. a4 Nb7 22. Rfc1 Nd6 23. g4 Nfe4 24. Qb2 g5 25. Bh2 Nf6 26. Rxc8 Rxc8 27. Rc1 Nc4 28. Qa2 Nd6 29. Rxc8+ Nxc8 30. Qc2 Qb7 31. Qc6 Qxc6 32. bxc6 Bd6 33. Nc7 Ne4 34. Ba6 Na7 35. Bxd6 Nxd6 36. Bb7 b5 37. axb5 Naxb5 38. Na6 a4 39. Nb4 Kf8 40. Kf1 Ke7 41. Ke1 Kd8 42. Kd2 1/2-1/2

[Event "Sibiria Region-ch"]
[Site "Prokopevsk"]
[Date "2012.03.15"]
[Round "4"]
[White "Shoev, Kirill"]
[Black "Ilenko, Aleksei"]
[Result "0-1"]
[WhiteElo "2258"]
[BlackElo "2004"]
[PlyCount "68"]
[EventDate "2012.03.12"]
[EventType "swiss"]
[EventRounds "9"]
[EventCountry "RUS"]
[SourceTitle "EXT 2013"]
[Source "ChessBase"]
[SourceDate "2012.11.22"]
[SourceVersion "1"]
[SourceVersionDate "2012.11.22"]
[SourceQuality "1"]

1. d4 d5 2. c4 c6 3. Nf3 Nf6 4. Nc3 e6 5. e3 Nbd7 6. Qc2 Bd6 7. Bd3 0-0 8. 0-0 h6 9. a3 Re8 10. b4 dxc4 11. Bxc4 e5 12. Qg6 Qe7 13. dxe5 Nxe5 14. Nxe5 Bxe5 15. Bb2 Kf8 16. Qd3 Bg4 17. Rfe1 Rad8 18. Qc2 g5 19. Kh1 Qc7 20. f4 gxf4 21. Qf2 Be6 22. Bxe6 Rxe6 23. exf4 Bd4 24. Qh4 Ng8 25. Rxe6 fxe6 26. f5 e5 27. h3 Rd7 28. Na4 Bxb2 29. Nxb2 Rd2 30. Nc4 Rd4 31. Qh5 Rxc4 32. f6 Rf4 33. Re1 Rxf6 34. Rxe5 Qf7 0-1

[Event "Sibiria Region-ch"]
[Site "Prokopevsk"]
[Date "2012.03.12"]
[Round "1"]
[White "Ilenko, Aleksei"]
[Black "Tsydypov, Zhamsaran"]
[Result "0-1"]
[WhiteElo "2004"]
[BlackElo "2321"]
[PlyCount "68"]
[EventDate "2012.03.12"]
[EventType "swiss"]
[EventRounds "9"]
[EventCountry "RUS"]
[SourceTitle "EXT 2013"]
[Source "ChessBase"]
[SourceDate "2012.11.22"]
[SourceVersion "1"]
[SourceVersionDate "2012.11.22"]
[SourceQuality "1"]

1. d4 Nf6 2. Nf3 c5 3. e3 g6 4. c4 Bg7 5. Be2 cxd4 6. exd4 d5 7. 0-0 0-0 8. Nc3 Nc6 9. Bf4 Bg4 10. h3 Bxf3 11. Bxf3 dxc4 12. Be3 Rc8 13. Qd2 e6 14. Rad1 Nd5 15. Bg5 Qd7 16. Nxd5 exd5 17. Bh6 Nxd4 18. Bg4 f5 19. Bxg7 Qxg7 20. Qxd4 Qxd4 21. Rxd4 fxg4 22. hxg4 Rfd8 23. Rfd1 Rc5 24. Re1 Rd7 25. Re5 Kg7 26. g5 b5 27. Kf1 b4 28. Rd2 Ra5 29. b3 c3 30. Rc2 d4 31. Rxa5 d3 32. Rc1 d2 33. Rd1 c2 34. Ke2 c1Q 0-1

[Event "Kuzbass-ch op"]
[Site "Kemerovo"]
[Date "2011.10.19"]
[Round "7"]
[White "Zimin, Ivan"]
[Black "Ilenko, Aleksei"]
[Result "0-1"]
[WhiteElo "2072"]
[BlackElo "1981"]
[PlyCount "70"]
[EventDate "2011.10.14"]
[EventType "swiss"]
[EventRounds "9"]
[EventCountry "RUS"]
[SourceTitle "EXT 2012"]
[Source "ChessBase"]
[SourceDate "2011.11.24"]
[SourceVersion "1"]
[SourceVersionDate "2011.11.24"]
[SourceQuality "1"]

1. e4 c5 2. f4 Nc6 3. Nf3 g6 4. c3 Bg7 5. Na3 e6 6. Be2 d5 7. e5 a6 8. d4 c4 9. Nc2 h5 10. g3 Nge7 11. Ne3 Bh6 12. Kf2 Nf5 13. Nxf5 exf5 14. h4 b5 15. Nd2 Bf8 16. Bf3 Be6 17. Nf1 Qb6 18. Ne3 Rd8 19. Qc2 Be7 20. Kg1 0-0 21. Qg2 b4 22. Bxd5 bxc3 23. Bxc6 cxb2 24. Bxb2 c3 25. Bc1 Qxd4 26. Kh2 Qc5 27. Bf3 Rd3 28. Re1 Rfd8 29. Nc2 Qc7 30. Be3 Bd5 31. Bxd5 R8xd5 32. Kh3 Qc4 33. Qe2 Qb5 34. Rad1 Rxd1 35. Qxb5 axb5 0-1

[Event "Kuzbass-ch op"]
[Site "Kemerovo"]
[Date "2011.10.18"]
[Round "6"]
[White "Ilenko, Aleksei"]
[Black "Emeljashin, Yury"]
[Result "0-1"]
[WhiteElo "1981"]
[BlackElo "2093"]
[PlyCount "78"]
[EventDate "2011.10.14"]
[EventType "swiss"]
[EventRounds "9"]
[EventCountry "RUS"]
[SourceTitle "EXT 2012"]
[Source "ChessBase"]
[SourceDate "2011.11.24"]
[SourceVersion "1"]
[SourceVersionDate "2011.11.24"]
[SourceQuality "1"]

1. d4 d5 2. Nf3 Nf6 3. c4 c6 4. Nc3 dxc4 5. a4 Bf5 6. e3 e6 7. Bxc4 Bb4 8. Bd2 0-0 9. 0-0 c5 10. Ne2 Bxd2 11. Nxd2 Nbd7 12. a5 Rc8 13. Ng3 Bg6 14. Qe2 cxd4 15. exd4 Nb8 16. Nb3 Nc6 17. Rfd1 Nb4 18. Rac1 Na2 19. Ra1 Nb4 20. Rac1 Nfd5 21. Ne4 Na2 22. Ra1 Bxe4 23. Rxa2 Bxg2 24. Qe5 Qh4 25. Qg3 Qxg3 26. hxg3 Rxc4 27. Kxg2 Rc2 28. Rd2 Rfc8 29. Rxc2 Rxc2 30. Nc5 Nc3 31. Ra3 Nd1 32. Nd3 g5 33. Kf1 h5 34. Rb3 h4 35. gxh4 gxh4 36. Kg2 Rd2 37. Kf3 b6 38. a6 Kf8 39. Kg4 Rxd3 0-1

[Event "Novokuznetsk op"]
[Site "Novokuznetsk"]
[Date "2011.08.16"]
[Round "6"]
[White "Isupov, Vladimir"]
[Black "Ilenko, Aleksei"]
[Result "0-1"]
[WhiteElo "2411"]
[BlackElo "1939"]
[PlyCount "110"]
[EventDate "2011.08.11"]
[EventType "swiss"]
[EventRounds "9"]
[EventCountry "RUS"]
[SourceTitle "CBM 144 Extra"]
[Source "ChessBase"]
[SourceDate "2011.10.28"]
[SourceVersion "1"]
[SourceVersionDate "2011.10.28"]
[SourceQuality "1"]

1. e4 c5 2. Nf3 Nc6 3. d4 cxd4 4. Nxd4 g6 5. c4 Nf6 6. Nc3 Nxd4 7. Qxd4 d6 8. Be3 Bg7 9. Be2 0-0 10. Qd2 Be6 11. 0-0 Qa5 12. f3 Rfc8 13. Rfc1 a6 14. Rab1 b5 15. b4 Qd8 16. cxb5 axb5 17. Bxb5 Ra3 18. Bd4 Nh5 19. Bxg7 Nxg7 20. Nd5 Bxd5 21. Rxc8 Qxc8 22. exd5 Nf5 23. Bc6 Qc7 24. Qf2 Ne3 25. h3 Qb6 26. Re1 h5 27. Kh1 Nxd5 28. Qxb6 Nxb6 29. Rxe7 Rxa2 30. Rb7 Nc4 31. Bd5 Ra1+ 32. Kh2 Ne3 33. Bxf7+ Kg7 34. Kg3 Kf6 35. Kf2 Nf5 36. f4 g5 37. fxg5+ Kxg5 38. Rb5 Kf4 39. Be6 Ng3 40. Bc4 Ne4+ 41. Ke2 Nc3+ 42. Kd3 Nxb5 43. Bxb5 Ke5 44. g4 Ra3+ 45. Kc4 h4 46. Bd7 d5+ 47. Kc5 Rc3+ 48. Kb6 Rxh3 49. g5 Rg3 50. Kc7 Rb3 51. g6 Kf6 52. Kd6 Rxb4 53. Kxd5 Kxg6 54. Ke5 Kg5 55. Bc8 Rb3 0-1

[Event "Novokuznetsk op"]
[Site "Novokuznetsk"]
[Date "2011.08.15"]
[Round "5"]
[White "Ilenko, Aleksei"]
[Black "Gerentsev, Viktor"]
[Result "1-0"]
[WhiteElo "1939"]
[BlackElo "2125"]
[PlyCount "153"]
[EventDate "2011.08.11"]
[EventType "swiss"]
[EventRounds "9"]
[EventCountry "RUS"]
[SourceTitle "CBM 144 Extra"]
[Source "ChessBase"]
[SourceDate "2011.10.28"]
[SourceVersion "1"]
[SourceVersionDate "2011.10.28"]
[SourceQuality "1"]

1. d4 Nf6 2. Nf3 d5 3. c4 g6 4. cxd5 Nxd5 5. e4 Nf6 6. Nc3 Bg7 7. h3 0-0 8. Be3 b6 9. Qc2 Bb7 10. Bc4 a6 11. b4 c5 12. bxc5 bxc5 13. Rd1 cxd4 14. Nxd4 Qc7 15. Nd5 Qa5+ 16. Bd2 Qd8 17. Nxf6+ Bxf6 18. Nb3 Qc8 19. Bh6 Rd8 20. Rxd8+ Qxd8 21. 0-0 Nc6 22. Nc5 Bc8 23. Rd1 Qc7 24. Bd5 e6 25. Nxe6 Bxe6 26. Qxc6 Qxc6 27. Bxc6 Rc8 28. Bb7 Rb8 29. Bxa6 Bxa2 30. Rc1 Be6 31. Bc4 Bxc4 32. Rxc4 Bg7 33. Bxg7 Kxg7 34. g4 Kf6 35. Kg2 g5 36. Rc5 Rb4 37. f3 Rb2+ 38. Kg3 Rb3 39. Rf5+ Kg6 40. h4 gxh4+ 41. Kxh4 h6 42. g5 hxg5+ 43. Rxg5+ Kf6 44. Rf5+ Ke6 45. Kg4 Rb1 46. Ra5 f6 47. Ra6+ Kf7 48. f4 Rb5 49. Ra7+ Kf8 50. Rd7 Ra5 51. Rb7 Rc5 52. Rd7 Rb5 53. Rc7 Ra5 54. Rd7 Rb5 55. Rd5 Rb7 56. Rd8+ Ke7 57. Rh8 Rb5 58. Rh5 Rb4 59. Kf5 Rb5+ 60. Kg6 Rb4 61. Rh7+ Kd6 62. Kxf6 Rxe4 63. f5 Rf4 64. Ra7 Rf1 65. Ra6+ Kd7 66. Re6 Rf2 67. Re1 Rf3 68. Re2 Rf1 69. Re4 Rf2 70. Re1 Rf3 71. Kg6 Kd6 72. f6 Rg3+ 73. Kf7 Ra3 74. Kg7 Rg3+ 75. Kf8 Ra3 76. f7 Kd7 77. Rg1 1-0

[Event "Kemerovo op"]
[Site "Kemerovo"]
[Date "2011.07.30"]
[Round "9"]
[White "Ilenko, Aleksei"]
[Black "Kolosovskiy, Danil"]
[Result "0-1"]
[WhiteElo "1939"]
[BlackElo "1980"]
[PlyCount "89"]
[EventDate "2011.07.25"]
[EventType "swiss"]
[EventRounds "9"]
[EventCountry "RUS"]
[SourceTitle "EXT 2012"]
[Source "ChessBase"]
[SourceDate "2011.11.24"]
[SourceVersion "1"]
[SourceVersionDate "2011.11.24"]
[SourceQuality "1"]

1. d4 Nf6 2. Nf3 g6 3. c4 Bg7 4. Nc3 0-0 5. e4 d6 6. Be2 e5 7. d5 a5 8. Bg5 h6 9. Bh4 Na6 10. Nd2 Qe8 11. Bxf6 Bxf6 12. Bg4 Bg5 13. Bxc8 Qxc8 14. Nf3 Qg4 15. h3 Qd7 16. Nxg5 hxg5 17. Qd2 Qe7 18. h4 f5 19. Qxg5 Qxg5 20. hxg5 Nc5 21. 0-0-0 fxe4 22. Rh6 Rxf2 23. Rxg6+ Kf7 24. Rf6+ Rxf6 25. gxf6 Rg8 26. Rg1 Rg3 27. Ne2 Rg4 28. g3 Kxf6 29. Kd2 e3+ 30. Kxe3 Rxc4 31. Nc3 Rg4 32. Rg2 c6 33. a3 Rd4 34. Rd2 Rxd2 35. Kxd2 Kf5 36. Ke3 Kg4 37. b4 axb4 38. axb4 Nd7 39. b5 cxd5 40. Nxd5 Kxg3 41. Ne7 Kg4 42. Ke4 Nf6+ 43. Ke3 Kg5 44. Nc8 d5 45. Ne7 0-1

[Event "Kemerovo op"]
[Site "Kemerovo"]
[Date "2011.07.27"]
[Round "4"]
[White "Koveshnikova, Daria"]
[Black "Ilenko, Aleksei"]
[Result "1/2-1/2"]
[WhiteElo "2066"]
[BlackElo "1939"]
[PlyCount "38"]
[EventDate "2011.07.25"]
[EventType "swiss"]
[EventRounds "9"]
[EventCountry "RUS"]
[SourceTitle "EXT 2012"]
[Source "ChessBase"]
[SourceDate "2011.11.24"]
[SourceVersion "1"]
[SourceVersionDate "2011.11.24"]
[SourceQuality "1"]

1. d4 d5 2. Nf3 c6 3. c4 Nf6 4. Qc2 dxc4 5. Qxc4 Bf5 6. g3 e6 7. Bg2 Nbd7 8. 0-0 Be7 9. Nc3 Nb6 10. Qb3 0-0 11. Rd1 a5 12. a4 Nbd5 13. Nh4 Qb6 14. Qxb6 Nxb6 15. Nxf5 exf5 16. Bf4 Bb4 17. Na2 Rfe8 18. Nc1 Nfd5 19. Bd2 Rad8 1/2-1/2

[Event "Kemerovo op"]
[Site "Kemerovo"]
[Date "2011.07.25"]
[Round "1"]
[White "Ilenko, Aleksei"]
[Black "Cheremnova, Tamara"]
[Result "0-1"]
[WhiteElo "1939"]
[BlackElo "2221"]
[PlyCount "142"]
[EventDate "2011.07.25"]
[EventType "swiss"]
[EventRounds "9"]
[EventCountry "RUS"]
[SourceTitle "EXT 2012"]
[Source "ChessBase"]
[SourceDate "2011.11.24"]
[SourceVersion "1"]
[SourceVersionDate "2011.11.24"]
[SourceQuality "1"]

1. d4 d5 2. Nf3 c6 3. c4 e6 4. Nc3 dxc4 5. a4 Bb4 6. e3 b5 7. Bd2 a5 8. Ne5 Bb7 9. Rb1 Nd7 10. axb5 Nxe5 11. dxe5 Bxc3 12. bxc3 Qd5 13. bxc6 Bxc6 14. Qg4 Rd8 15. Rb2 Qxe5 16. f4 Nh6 17. Qg3 Qf6 18. Bxc4 Nf5 19. Qf2 0-0 20. Be2 Rxd2 21. Rxd2 Qxc3 22. Bd3 Nxe3 23. Ke2 Nf5 24. Rhd1 Ba4 25. Rb1 Bb3 26. Kf1 a4 27. Bxf5 exf5 28. Qd4 Qa5 29. Kg1 h6 30. Rd3 Re8 31. Rg3 g6 32. h3 Re4 33. Qd6 Re6 34. Qb8+ Kg7 35. Qc8 Qb6+ 36. Kh2 Qf2 37. Rf3 Qe2 38. Qc3+ Kh7 39. Qc7 Re7 40. Qc5 Qe4 41. Rc1 Re8 42. Qc7 Bd5 43. Rg3 a3 44. Rd1 Be6 45. Qe5 Qxe5 46. fxe5 Ra8 47. Ra1 a2 48. Re3 g5 49. Re2 f4 50. Kg1 Kg6 51. Kf2 Ra3 52. Rb2 Kf5 53. Re2 h5 54. Ke1 g4 55. hxg4+ hxg4 56. Kf2 Bd5 57. Rd2 Ke6 58. Re2 Rg3 59. Rg1 Ra3 60. Ra1 Kf5 61. Rd2 Ra5 62. Rxd5 Rxd5 63. Rxa2 Rxe5 64. Ra7 f6 65. Ra6 Rb5 66. Rc6 Rb2+ 67. Kf1 Kg5 68. Kg1 Kh4 69. Kf1 Kg3 70. Rc3+ f3 71. gxf3 gxf3 0-1